<?xml version="1.0" encoding="UTF-8"?>
<record
    xmlns:xsi="http://www.w3.org/2001/XMLSchema-instance"
    xsi:schemaLocation="http://www.loc.gov/MARC21/slim http://www.loc.gov/standards/marcxml/schema/MARC21slim.xsd"
    xmlns="http://www.loc.gov/MARC21/slim">

  <leader>01177    a2200229   4500</leader>
  <controlfield tag="003">Nust</controlfield>
  <controlfield tag="005">20220802174206.0</controlfield>
  <datafield tag="010" ind1=" " ind2=" ">
    <subfield code="a">   98047919</subfield>
  </datafield>
  <datafield tag="020" ind1=" " ind2=" ">
    <subfield code="a">0819431389 (softcover)</subfield>
  </datafield>
  <datafield tag="040" ind1=" " ind2=" ">
    <subfield code="c">Nust</subfield>
  </datafield>
  <datafield tag="082" ind1="0" ind2="0">
    <subfield code="a">621.362,KAP</subfield>
  </datafield>
  <datafield tag="100" ind1="1" ind2=" ">
    <subfield code="a">Kaplan, Herbert.</subfield>
    <subfield code="9">96343</subfield>
  </datafield>
  <datafield tag="245" ind1="1" ind2="0">
    <subfield code="a">Practical applications of infrared thermal sensing and imaging equipment /</subfield>
    <subfield code="c">Herbert Kaplan.</subfield>
  </datafield>
  <datafield tag="250" ind1=" " ind2=" ">
    <subfield code="a">2nd ed.</subfield>
  </datafield>
  <datafield tag="260" ind1=" " ind2=" ">
    <subfield code="a">Bellingham, Wash. :</subfield>
    <subfield code="b">SPIE Optical Engineering Press,</subfield>
    <subfield code="c">c1999.</subfield>
  </datafield>
  <datafield tag="300" ind1=" " ind2=" ">
    <subfield code="a">xiv, 163 p. :</subfield>
    <subfield code="b">ill. (some col.) ;</subfield>
    <subfield code="c">26 cm.</subfield>
  </datafield>
  <datafield tag="440" ind1=" " ind2="0">
    <subfield code="a">Tutorial texts in optical engineering ;</subfield>
    <subfield code="v">v. TT 34</subfield>
    <subfield code="9">96344</subfield>
  </datafield>
  <datafield tag="505" ind1=" " ind2=" ">
    <subfield code="a">Introduction (Page-1), Basics Of Non Contact Thermal Measurements (Page-7), Matching The Instrument To The Application (Page-37), Overview Of Instruments (Page-55), Using IR Sensing And Imaging Instruments (Page-75), Introduction To Applications (Page-89), Plant Condition Monitoring And Predictive Maintenance (Page-93), Building And Infrastructure (Page-103), Materials Testing (Page-109), Product And Process Monitoring And Control (Page-121).</subfield>
  </datafield>
  <datafield tag="650" ind1=" " ind2="0">
    <subfield code="a">Infrared equipment.</subfield>
    <subfield code="9">96345</subfield>
  </datafield>
  <datafield tag="650" ind1=" " ind2="0">
    <subfield code="a">Telecommunication Engineering.</subfield>
  </datafield>
  <datafield tag="942" ind1=" " ind2=" ">
    <subfield code="c">REF</subfield>
    <subfield code="2">ddc</subfield>
  </datafield>
  <datafield tag="999" ind1=" " ind2=" ">
    <subfield code="c">175605</subfield>
    <subfield code="d">175605</subfield>
  </datafield>
  <datafield tag="952" ind1=" " ind2=" ">
    <subfield code="0">0</subfield>
    <subfield code="1">0</subfield>
    <subfield code="2">ddc</subfield>
    <subfield code="4">0</subfield>
    <subfield code="7">0</subfield>
    <subfield code="a">MCS</subfield>
    <subfield code="b">MCS</subfield>
    <subfield code="c">REF</subfield>
    <subfield code="d">2016-12-12</subfield>
    <subfield code="o">621.362,KAP</subfield>
    <subfield code="p">MCS30930</subfield>
    <subfield code="r">2016-12-08</subfield>
    <subfield code="w">2016-12-12</subfield>
    <subfield code="y">REF</subfield>
    <subfield code="z">Almirah No.20, Shelf No.4</subfield>
  </datafield>
</record>
